书目信息 |
| 题名: |
中国书史
|
|
| 作者: | 查猛济 , 陈彬苏 著 | |
| 分册: | ||
| 出版信息: | 济南 山东画报出版社 2019.2 |
|
| 页数: | 232页 | |
| 开本: | 19cm | |
| 丛书名: | “名家小史”丛书 | |
| 单 册: | ||
| 中图分类: | G256.1 | |
| 科图分类: | ||
| 主题词: | 图书史--tu shu shi--中国--古代 | |
| 电子资源: | ||
| ISBN: | 978-7-5474-2720-0 | |
| 000 | 01091oam2 2200265 450 | |
| 001 | 2159559573 | |
| 005 | 20211011172912.0 | |
| 010 | @a978-7-5474-2720-0@dCNY29.80 | |
| 100 | @a20201011d2019 em y0chiy0110 ea | |
| 101 | 0 | @achi |
| 102 | @aCN@b370000 | |
| 105 | @aa z 000yy | |
| 106 | @ar | |
| 200 | 1 | @a中国书史@Azhong guo shu shi@e图文版@f查猛济, 陈彬苏著 |
| 210 | @a济南@c山东画报出版社@d2019.2 | |
| 215 | @a232页@c图@d19cm | |
| 225 | 2 | @a“名家小史”丛书@Aming jia xiao shi cong shu |
| 330 | @a《中国书史》是关于历代版刻特征、诸家藏书情况的详细介绍。书中描述了文字的创造、纸张的出现、宋代刻书的发达、元代藏书的优劣以及明代的私刻和坊刻、清代的藏书舆校书等情况。此书对诸家藏书的变迁均有较全面的记载和评述,读之,中国书籍的历史变迁了然于心。查猛济、陈彬苏编著的《中国书史》适合对中国书籍历史感兴趣者及相关研究人员阅读。 | |
| 461 | 0 | @12001 @a“名家小史”丛书 |
| 606 | 0 | @a图书史@Atu shu shi@y中国@z古代 |
| 690 | @aG256.1@v5 | |
| 701 | 0 | @a查猛济@Acha meng ji@4著 |
| 701 | 0 | @a陈彬苏@Achen bin su@4著 |
| 801 | 0 | @aCN@b百万庄@c20211011 |
| 905 | @b1308868-871@dG256.1@e106@f4 | |
| 中国书史:图文版/查猛济, 陈彬苏著.-济南:山东画报出版社,2019.2 |
| 232页:图;19cm.-(“名家小史”丛书) |
| ISBN 978-7-5474-2720-0:CNY29.80 |
| 《中国书史》是关于历代版刻特征、诸家藏书情况的详细介绍。书中描述了文字的创造、纸张的出现、宋代刻书的发达、元代藏书的优劣以及明代的私刻和坊刻、清代的藏书舆校书等情况。此书对诸家藏书的变迁均有较全面的记载和评述,读之,中国书籍的历史变迁了然于心。查猛济、陈彬苏编著的《中国书史》适合对中国书籍历史感兴趣者及相关研究人员阅读。 |
| ● |
| 相关链接 |
|
|
|
|
正题名:中国书史
索取号:G256.1/106
 
预约/预借
| 序号 | 登录号 | 条形码 | 馆藏地/架位号 | 状态 | 备注 |
| 1 | 1308868 | 213088683 | 第一样本阅览室/ [索取号:G256.1/106] | 在馆 | |
| 2 | 1308869 | 213088692 | 第四借阅区/ [索取号:G256.1/106] | 在馆 | |
| 3 | 1308870 | 213088709 | 第四借阅区/ [索取号:G256.1/106] | 在馆 | |
| 4 | 1308871 | 213088718 | 第四借阅区/ [索取号:G256.1/106] | 在馆 |